Countries Never Visited by JetPunker - Statistics

General Stats
  • This quiz has been taken 1,123 times
    974 since last reset
  • The average score is 33 of 43
Answers on the Map
Answers color-coded by a green-red scale on the quiz's map according to % correct below.
 
Answer Stats
Continent Country % Correct
Africa South Sudan
87%
Africa Chad
84%
Africa Benin
83%
Africa Eritrea
83%
Africa Sudan
83%
Africa Togo
83%
Asia Turkmenistan
83%
Africa Burundi
82%
Africa Comoros
82%
Africa Djibouti
82%
Africa Guinea
82%
Africa Lesotho
82%
Africa Somalia
82%
S America Suriname
82%
Asia Tajikistan
82%
Africa Eswatini
81%
S America Guyana
81%
Asia Kyrgyzstan
81%
Africa São Tomé and Príncipe
81%
Asia Uzbekistan
81%
Africa Rwanda
80%
Africa Gabon
79%
Africa Gambia
79%
Africa Guinea-Bissau
79%
Asia Yemen
79%
Africa Cape Verde
78%
Africa Equatorial Guinea
78%
Africa Liberia
78%
Africa Mauritania
77%
Africa Sierra Leone
77%
Asia Kazakhstan
76%
Africa Seychelles
76%
Africa Ghana
75%
Oceania Marshall Islands
75%
Africa Angola
74%
Africa Côte d'Ivoire
73%
Oceania Solomon Islands
71%
N America Grenada
68%
Africa Libya
68%
Africa Botswana
66%
Asia Azerbaijan
61%
N America El Salvador
60%
N America Trinidad and Tobago
59%
No matching quizzes found
Score Distribution
Percent of People with Each Score
Percentile by Number Answered
Your Score History
You have not taken this quiz since the last reset